long story short - Taylor Swift Lyrics - Statistics

General Stats
  • This quiz has been taken 692 times
  • The average score is 280 of 362
Answer Stats
Answer % Correct
I
99%
a
98%
it
96%
Long
96%
short
96%
story
96%
the
96%
The
96%
was
95%
time
93%
bad
92%
you
91%
to
89%
in
88%
And
87%
and
87%
me
87%
all
85%
guy
85%
No
85%
wrong
85%
fell
84%
my
84%
right
84%
Right
84%
your
84%
Your
84%
down
83%
I'm
83%
from
82%
rabbit
82%
he
81%
hole
81%
Now
81%
now
81%
about
80%
If
80%
if
80%
of
78%
on
78%
til
74%
shoe
73%
walk
73%
war
73%
fits
72%
go
71%
nearest
71%
battle
70%
by
70%
survived
70%
Ever
69%
high
69%
lips
69%
more
69%
pedestal
69%
pick
69%
heels
68%
just
68%
Like
68%
like
68%
keep
67%
When
67%
battles
66%
break
66%
keeping
66%
score
66%
picked
65%
Clung
64%
precipice
63%
But
62%
get
62%
know
62%
Pushed
62%
tried
62%
we
62%
warm
61%
At
60%
at
60%
Before
60%
This
60%
not
59%
sides
59%
evermore
58%
Past
58%
sleep
58%
things
58%
will
58%
surrounded
57%
lost
56%
ready
56%
there's
56%
these
56%
alley
55%
chance
55%
petty
55%
words
55%
Misery
54%
tell
54%
us
54%
door
53%
Fatefully
53%
look
53%
shouted
53%
themselves
53%
passed
52%
swing
52%
they
52%
tug
52%
both
51%
Cause
51%
defeat
51%
Missing
51%
up
51%
ways
51%
as
50%
cuts
50%
live
50%
peace
50%
shore
50%
better
49%
knife
49%
knocked
49%
once
49%
sword
49%
always
48%
comes
48%
meet
48%
someone
48%
view
48%
waves
48%
keys
47%
rear
47%
bushes
46%
sky
46%
Actually
45%
back
45%
everywhere
45%
must
45%
felt
44%
held
44%
threw
44%
Climbed
43%
comet
42%
dropped
42%
gates
42%
golden
42%
home
42%
nemeses
42%
wanna
42%
he's
41%
Rare
41%
feels
39%
glimmer
39%
passing
39%
cliff
35%
No matching quizzes found
Score Distribution
Percent of People with Each Score
Percentile by Number Answered
Your Score History
You have not taken this quiz